000 00629nam a22002177a 4500
005 20170124105956.0
010 _a697465
020 _c00.00
_a0210336927
037 _bCen Lib/Ret
040 _aDPL
_bEN
082 _a331.0954
_bGIR
100 _aGiri, V. V.
_914576
245 _aLabour problems in Indian industry /
_cby V. V. Giri
260 _aBombay
_bAsia Publishing House
_c11972
270 _aP.S. Jaya Singhe
_bBombay
300 _axx, 564p.
_c19cm(Hb)
500 _aIncludes index
650 _aLabor policy
_98652
650 _aIndustrial relations
_980301
942 _2ddc
_cEN
_h331.0954
_mGIR
999 _c125505
_d125505